Имитационная модель компьютерного кластера для оптимизации процесса распределенно-параллельных вычислений; Известия Томского политехнического университета [Известия ТПУ]; Т. 317, № 5 : Управление, вычислительная техника и информатика
| Parent link: | Известия Томского политехнического университета [Известия ТПУ]/ Томский политехнический университет (ТПУ).— , 2000- Т. 317, № 5 : Управление, вычислительная техника и информатика.— 2010.— [С. 158-162] |
|---|---|
| Other Authors: | , , , |
| Summary: | Заглавие с титульного листа Электронная версия печатной публикации Проведены исследования параметров суперкомпьютерного кластера, на основе которых разработана его имитационная модель. Модель позволила оптимизировать загрузку кластера путем ускорения обработки поступающих заданий с уменьшением времени их нахождения в очереди на обслуживание при максимальной загрузке компьютеров кластера. |
| Language: | Russian |
| Published: |
2010
|
| Series: | Управление, вычислительная техника и информатика |
| Subjects: | |
| Online Access: | http://www.lib.tpu.ru/fulltext/v/Bulletin_TPU/2010/v317/i5/33.pdf |
| Format: | MixedMaterials Electronic Book Chapter |
| KOHA link: | https://koha.lib.tpu.ru/cgi-bin/koha/opac-detail.pl?biblionumber=193905 |
MARC
| LEADER | 00000nla2a2200000 4500 | ||
|---|---|---|---|
| 001 | 193905 | ||
| 005 | 20240206162520.0 | ||
| 035 | |a (RuTPU)RU\TPU\book\211456 | ||
| 035 | |a RU\TPU\book\211455 | ||
| 090 | |a 193905 | ||
| 100 | |a 20110330d2010 k y0rusy50 ca | ||
| 101 | 0 | |a rus | |
| 102 | |a RU | ||
| 135 | |a drnn ---uucaa | ||
| 181 | 0 | |a i | |
| 182 | 0 | |a b | |
| 200 | 1 | |a Имитационная модель компьютерного кластера для оптимизации процесса распределенно-параллельных вычислений |f О. М. Замятина [и др.] | |
| 203 | |a Текст |c электронный | ||
| 215 | |a 1 файл (206 Кб) | ||
| 225 | 1 | |a Управление, вычислительная техника и информатика | |
| 300 | |a Заглавие с титульного листа | ||
| 300 | |a Электронная версия печатной публикации | ||
| 320 | |a [Библиогр.: с. 162 (5 назв.)] | ||
| 330 | |a Проведены исследования параметров суперкомпьютерного кластера, на основе которых разработана его имитационная модель. Модель позволила оптимизировать загрузку кластера путем ускорения обработки поступающих заданий с уменьшением времени их нахождения в очереди на обслуживание при максимальной загрузке компьютеров кластера. | ||
| 337 | |a Adobe Reader | ||
| 461 | 1 | |0 (RuTPU)RU\TPU\book\176237 |t Известия Томского политехнического университета [Известия ТПУ] |f Томский политехнический университет (ТПУ) |d 2000- | |
| 463 | 1 | |0 (RuTPU)RU\TPU\book\210457 |x 1684-8519 |t Т. 317, № 5 : Управление, вычислительная техника и информатика |v [С. 158-162] |d 2010 |p 228 с. | |
| 610 | 1 | |a имитационные модели | |
| 610 | 1 | |a компьютерные кластеры | |
| 610 | 1 | |a серверы | |
| 610 | 1 | |a данные | |
| 610 | 1 | |a хранилища | |
| 610 | 1 | |a труды учёных ТПУ | |
| 610 | 1 | |a электронный ресурс | |
| 701 | 1 | |a Замятина |b О. М. |c специалист в области информатики и вычислительной техники |c доцент Томского политехнического университета, кандидат технических наук |f 1978- |g Оксана Михайловна |3 (RuTPU)RU\TPU\pers\25543 |9 11473 | |
| 701 | 1 | |a Соколова |b В. В. |c специалист в области информатики и вычислительной техники |c доцент Томского политехнического университета, кандидат технических наук |f 1977- |g Вероника Валерьевна |3 (RuTPU)RU\TPU\pers\27798 |9 12846 | |
| 701 | 1 | |a Малахова |b Е. С. | |
| 701 | 1 | |a Ушакова |b Е. В. | |
| 801 | 1 | |a RU |b 63413507 |c 20090623 |g PSBO | |
| 801 | 2 | |a RU |b 63413507 |c 20211224 |g PSBO | |
| 856 | 4 | |u http://www.lib.tpu.ru/fulltext/v/Bulletin_TPU/2010/v317/i5/33.pdf | |
| 942 | |c CF | ||